000 004320000a22001810004500
003 LK-CoMWRAF
008 230817t ||||| |||| 00| 0 eng d
020 _a9558839000
040 _aLK-CoMWRAF
_dLK-CoMWRAF
_eLK-CoMWRAF
041 _aeng
082 _a770
_bSAC
100 _aSachithanandam,Shanthi
245 _aVarumaiyim Pirapukal
_b
260 _aMandru
_bBatticaloa
_c2003
300 _ap.181
650 _aTamil
942 _cBK
999 _c591
_d591